| Поле | Инд. | ПП | Название | Значение |
|---|---|---|---|---|
| Тип записи | a | |||
| Библиографический уровень | m | |||
| 001 | Контрольный номер | 167634d9-d649-483b-b9b2-afd088d81730 | ||
| 005 | Дата корректировки | 20131112021529.5 | ||
| 008 | Кодируемые данные | 20010201s?a aznnnabbn zn aan | ||
| 020 | a | ISBN | 5-02-012039-1 | |
| c | Цена, тираж | 6.50 | ||
| 040 | a | Служба первич. каталог. | RU-RKP | |
| a | Служба первич. каталог. | НБ ТвГУ | ||
| 041 | a | Код языка текста | rus | |
| 080 | a | Индекс УДК | 338.24:001(47+57) | |
| 084 | a | Индекс другой классификации/Индекс ББК | У9(2)492-21 | |
| a | Индекс другой классификации/Индекс ББК | У050.9(2)23 | ||
| 090 | x | Авторский знак | Л33 | |
| a | Полочн. индекс | У9(2)49 | ||
| 092 | a | 18.01 | ||
| 100 | 1_ | a | Автор | Лебедев Юрий Васильевич |
| 245 | 10 | a | Заглавие | Управление отраслевой наукой |
| b | Продолж. заглавия | (Вопр. теории и практики) | ||
| c | Ответственность | Ю. В. Лебедев; АН СССР, Ин-т народнохоз. прогнозирования | ||
| 260 | 0_ | a | Место издания | Москва |
| b | Издательство | Наука | ||
| c | Дата издания | 1991 | ||
| 300 | a | Объем | 223,[2] с. | |
| c | Размеры | 22 см | ||
| 650 | a | Основная рубрика | Наука в СССР | |
| x | Основная подрубрика | Связь с производством | ||
| 852 | t | Порядковый номер экземпляра | 2 | |
| p | Инвентарный номер | 619742 | ||
| p | Инвентарный номер | 634303 | ||
| 999 | a | Подразделение 2 | Фил1 |